Mufasa or Vader? Quiz Stats

 Plays Quiz Updated Mar 29, 2015

Challenge
Share
Tweet
Embed
Score 0/20 Timer 05:00
5 Plays Today
Quote M or V? % Correct
If he could be turned, he would become a powerful ally.???
91.5%
Everything the light touches is our kingdom.???
89.3%
That's beyond our borders. You must never go there.???
89.1%
You have controlled your fear. Now release your anger.???
88.9%
Let me tell you something that my father told me. Look at the stars.???
88.5%
If you will not fight, then you will meet your destiny.???
87.7%
You could have been killed! You deliberately disobeyed me!???
87.5%
Escape is not his plan. I must face him alone.???
85.6%
I am altering the deal. Pray I don't alter it any further.???
84.2%
Everything you see exists together, in a delicate balance.???
84.1%
Quote M or V? % Correct
That name no longer has any meaning for me!???
83.1%
And he is most displeased with your apparent lack of progress.???
82.9%
Perhaps I can find new ways to motivate them.???
80.9%
What am I going to do with him????
78.8%
You have forgotten who you are and so have forgotten me.???
78.1%
No. Leave them to me. I will deal with them myself.???
73.6%
We would be honored if you would join us.???
72.7%
Don't turn your back on me.???
70.4%
It is too late for me, son.???
67.3%
This will be a day long remembered.???
59.7%

You're not logged in!

Compare scores with friends on all Sporcle quizzes.
Join for Free
OR
Log In

You Might Also Like...

Show Comments

Extras

Top Quizzes Today


Score Distribution

Your Account Isn't Verified!

In order to create a playlist on Sporcle, you need to verify the email address you used during registration. Go to your Sporcle Settings to finish the process.

Report this User

Report this user for behavior that violates our Community Guidelines.

Details: